El FISE: la respuesta de la AID al desempleo
שמור ב:
| פורמט: | Texto |
|---|---|
| נושאים: | |
| תגים: |
הוספת תג
אין תגיות, היה/י הראשונ/ה לתייג את הרשומה!
|
MARC
| LEADER | 00000 a a2200000 04500 | ||
|---|---|---|---|
| 001 | 7009 | ||
| 003 | |||
| 040 | |||
| 245 | |a El FISE: |b la respuesta de la AID al desempleo | ||
| 650 | |a DESEMPLEO | ||
| 650 | |a AID | ||
| 650 | |2 Thesaurus CIDCSO | ||
| 650 | |a GOBIERNO | ||
| 650 | |a GOBIERNO LOCAL | ||
| 650 | |a MUNICIPIOS | ||
| 650 | |a EVALUACION DE PROYECTOS | ||
| 773 | |g volumen 10, número 116; páginas 50-56 | ||
| 999 | |c 37411 |d 37411 | ||
